[Event "USA-ch16 prel 03 corr0204"]
[Site "USA"]
[Date "2002.09.03"]
[Round "?"]
[White "McLaughlin, Richard F"]
[Black "Flowers, Brian"]
[Result "1-0"]
[WhiteElo "2261"]
[BlackElo "2114"]
[PlyCount "97"]
[EventDate "2002.??.??"]
[EventType "tourn (corr)"]
[EventRounds "6"]
[EventCountry "USA"]
[SourceTitle "Corr 2006"]
[Source "ChessBase"]
[SourceDate "2006.04.01"]
[SourceVersion "3"]
[SourceVersionDate "2006.04.01"]
[SourceQuality "1"]

1. c4 Nf6 2. Nc3 g6 3. g3 Bg7 4. Bg2 0-0 5. e4 d6 6. Nge2 Nbd7 7. 0-0 e5 8. d3 Ne8 9. f4 f5 10. Be3 Ndf6 11. exf5 gxf5 12. h3 c6 13. Qd2 Be6 14. Rac1 Qd7 15. b4 Nc7 16. a4 exf4 17. Nxf4 d5 18. Nxe6 Nxe6 19. cxd5 cxd5 20. Nb5 a6 21. Nd4 Nxd4 22. Bxd4 Rad8 23. Qg5 h6 24. Qxf5 Qxf5 25. Rxf5 Nh5 26. Rxh5 Bxd4+ 27. Kh1 Be3 28. Rc2 d4 29. Bxb7 Rb8 30. Bxa6 Rxb4 31. a5 Rb1+ 32. Kh2 Rbf1 33. h4 Ra1 34. Bb7 Rf2+ 35. Rxf2 Bxf2 36. a6 Kg7 37. Kg2 Be3 38. Kf3 Kf6 39. g4 Ke6 40. Ke4 Kd6 41. Kf5 Ra5+ 42. Kg6 Ra1 43. Rxh6 Bxh6 44. Kxh6 Kc7 45. g5 Ra3 46. g6 Rxd3 47. g7 Rg3 48. Be4 d3 49. Bxd3 1-0

[Event "USA-ch15 prel 07 corr"]
[Site "USA"]
[Date "2000.06.20"]
[Round "?"]
[White "Flowers, Brian"]
[Black "Ashby, Stephen E"]
[Result "1-0"]
[WhiteElo "2114"]
[BlackElo "2286"]
[PlyCount "43"]
[EventDate "2000.06.20"]
[EventType "tourn (corr)"]
[EventRounds "12"]
[EventCountry "USA"]
[SourceTitle "Corr 2006"]
[Source "ChessBase"]
[SourceDate "2006.04.01"]
[SourceVersion "3"]
[SourceVersionDate "2006.04.01"]
[SourceQuality "1"]

1. Nf3 d5 2. g3 Nf6 3. Bg2 c6 4. 0-0 Bf5 5. d3 Nbd7 6. Nbd2 e6 7. Nh4 Bg4 8. h3 Bxh3 9. Bxh3 g5 10. Nhf3 g4 11. Bg2 gxf3 12. Nxf3 Rg8 13. Bg5 Qb6 14. Be3 Qc7 15. Bf4 e5 16. Nxe5 Nxe5 17. d4 Bd6 18. dxe5 Bxe5 19. Qd4 Bxf4 20. Qxf6 Be5 21. Qf5 Bxb2 22. Rab1 1-0

[Event "USA-ch15 prel 07 corr"]
[Site "USA"]
[Date "2000.06.20"]
[Round "?"]
[White "Flowers, Brian"]
[Black "Ehrgott, Kurt H"]
[Result "0-1"]
[WhiteElo "2114"]
[BlackElo "2346"]
[PlyCount "86"]
[EventDate "2000.06.20"]
[EventType "tourn (corr)"]
[EventRounds "12"]
[EventCountry "USA"]
[SourceTitle "Corr 2006"]
[Source "ChessBase"]
[SourceDate "2006.04.01"]
[SourceVersion "3"]
[SourceVersionDate "2006.04.01"]
[SourceQuality "1"]

1. Nf3 c5 2. g3 Nc6 3. Bg2 d5 4. 0-0 e5 5. d3 Nf6 6. Nbd2 Be7 7. e4 0-0 8. Re1 d4 9. Nc4 Qc7 10. a4 Bg4 11. h3 Be6 12. Nfd2 Nd7 13. Rf1 Bg5 14. Nb3 Bxc1 15. Nxc1 f5 16. exf5 Rxf5 17. Nd2 Ne7 18. Ne4 Raf8 19. g4 R5f7 20. Ng5 Rf6 21. Be4 g6 22. Nxe6 Rxe6 23. Ne2 Nf6 24. Bg2 Nfd5 25. Qd2 Rd8 26. Rae1 Ra6 27. b3 Re6 28. Ng3 Nf4 29. Ne4 Ned5 30. Ng5 Rc6 31. Be4 h6 32. Nf3 Nxh3+ 33. Kh1 Nhf4 34. Nxe5 Rf6 35. Bg2 g5 36. Kg1 Nxg2 37. Kxg2 Nf4+ 38. Kg1 Re8 39. Nc4 Rxe1 40. Qxe1 Re6 41. Qd1 Ne2+ 42. Kg2 Qf4 43. Ne3 Rxe3 0-1

[Event "USA-ch15 prel 07 corr"]
[Site "USA"]
[Date "2000.06.20"]
[Round "?"]
[White "Flowers, Brian"]
[Black "Moldovan, John P"]
[Result "1/2-1/2"]
[WhiteElo "2114"]
[BlackElo "2036"]
[PlyCount "92"]
[EventDate "2000.06.20"]
[EventType "tourn (corr)"]
[EventRounds "12"]
[EventCountry "USA"]
[SourceTitle "Corr 2006"]
[Source "ChessBase"]
[SourceDate "2006.04.01"]
[SourceVersion "3"]
[SourceVersionDate "2006.04.01"]
[SourceQuality "1"]

1. Nf3 e6 2. g3 Nf6 3. Bg2 c5 4. 0-0 Nc6 5. d3 Be7 6. Nbd2 0-0 7. e4 d6 8. Re1 Qc7 9. a4 Bd7 10. Nc4 Rac8 11. e5 dxe5 12. Nfxe5 Nxe5 13. Nxe5 Bd6 14. Nxd7 Qxd7 15. b3 b6 16. Bb2 Rfd8 17. Qf3 Bf8 18. Rad1 Nd5 19. Re4 f5 20. Re2 Re8 21. Rde1 Rcd8 22. Rxe6 Rxe6 23. Qxd5 Qxd5 24. Bxd5 Rxd5 25. Rxe6 Rd6 26. Re8 Kf7 27. Ra8 Rd7 28. Be5 Be7 29. f4 Bf6 30. Bb8 a5 31. Ra7 Rxa7 32. Bxa7 Bd8 33. Bb8 Ke6 34. Be5 g5 35. h3 h5 36. Kf2 g4 37. hxg4 hxg4 38. Ke3 Kd5 39. c3 Be7 40. d4 cxd4+ 41. Bxd4 Kc6 42. Kd3 b5 43. c4 bxa4 44. bxa4 Bb4 45. Bc3 Bc5 46. Ke2 Bb6 1/2-1/2

[Event "USA-ch15 prel 07 corr"]
[Site "USA"]
[Date "2000.06.20"]
[Round "?"]
[White "Verleur, Jan Hein"]
[Black "Flowers, Brian"]
[Result "1-0"]
[WhiteElo "2242"]
[BlackElo "2114"]
[PlyCount "55"]
[EventDate "2000.06.20"]
[EventType "tourn (corr)"]
[EventRounds "12"]
[EventCountry "USA"]
[SourceTitle "Corr 2006"]
[Source "ChessBase"]
[SourceDate "2006.04.01"]
[SourceVersion "3"]
[SourceVersionDate "2006.04.01"]
[SourceQuality "1"]

1. e4 d6 2. d4 Nf6 3. Nc3 g6 4. Be3 Bg7 5. Qd2 e5 6. dxe5 dxe5 7. Qxd8+ Kxd8 8. 0-0-0+ Bd7 9. Nf3 Ng4 10. Bc5 b6 11. h3 bxc5 12. hxg4 Kc8 13. g5 a6 14. Bc4 Be6 15. Bxe6+ fxe6 16. Rh3 Nc6 17. Rdh1 Kb7 18. Na4 Bf8 19. Rxh7 Rxh7 20. Rxh7 Bd6 21. Rg7 Ne7 22. Nxe5 Rd8 23. Nd3 e5 24. Naxc5+ Kb6 25. Ne6 Re8 26. c4 c5 27. b4 Kc6 28. Nexc5 1-0

[Event "USA-ch13 prel 01 corr"]
[Site "USA"]
[Date "1996.06.24"]
[Round "?"]
[White "Flowers, Brian"]
[Black "De Vault, Roy E"]
[Result "1/2-1/2"]
[WhiteElo "2004"]
[BlackElo "2220"]
[PlyCount "130"]
[EventDate "1996.??.??"]
[EventType "tourn (corr)"]
[EventRounds "9"]
[EventCountry "USA"]
[SourceTitle "Corr 2006"]
[Source "ChessBase"]
[SourceDate "2006.04.01"]
[SourceVersion "3"]
[SourceVersionDate "2006.04.01"]
[SourceQuality "1"]

1. Nf3 f5 2. g3 Nf6 3. Bg2 d6 4. d3 e5 5. e4 fxe4 6. dxe4 Be7 7. 0-0 0-0 8. Nc3 c6 9. a4 Be6 10. Qe2 Kh8 11. Rd1 Qe8 12. Ng5 Bg8 13. f4 Nbd7 14. f5 h6 15. Nf3 d5 16. Nh4 Bf7 17. exd5 cxd5 18. Nxd5 Nxd5 19. Bxd5 Bxh4 20. Bxb7 Bh5 21. g4 Rxf5 22. gxh5 Bf2+ 23. Kh1 Nf6 24. Rf1 Rb8 25. Bg2 Qxh5 26. Qxh5 Nxh5 27. Be4 Rf6 28. Kg2 Bc5 29. Rxf6 Nxf6 30. Bf3 e4 31. Be2 g5 32. b4 Bxb4 33. Bb2 Kg7 34. Bxf6+ Kxf6 35. Rb1 Rb6 36. Rb3 Ke5 37. c3 Bc5 38. Rxb6 axb6 39. Kg3 Bd6 40. h3 Kf5+ 41. Kg2 Kf4 42. Kf2 Be5 43. c4 Bd4+ 44. Kg2 Ke3 45. Kf1 Kd2 46. Bh5 Kc3 47. Bg6 e3 48. Bf7 g4 49. Ke2 g3 50. Bd5 h5 51. h4 Bc5 52. Bg2 Kxc4 53. Bf1 Kb4 54. Kf3 Kc3 55. Ke2 Kc2 56. Bg2 Kc3 57. Bf1 Kb4 58. Kf3 Kxa4 59. Kxg3 Kb3 60. Kf3 Kc3 61. Ke2 b5 62. Bg2 b4 63. Bf3 Kd4 64. Bxh5 Be7 65. Kd1 Bxh4 1/2-1/2

[Event "USA-ch13 prel 01 corr"]
[Site "USA"]
[Date "1996.06.24"]
[Round "?"]
[White "Flowers, Brian"]
[Black "Martinec, Bob"]
[Result "0-1"]
[WhiteElo "2004"]
[BlackElo "2145"]
[PlyCount "136"]
[EventDate "1996.??.??"]
[EventType "tourn (corr)"]
[EventRounds "9"]
[EventCountry "USA"]
[SourceTitle "Corr 2006"]
[Source "ChessBase"]
[SourceDate "2006.04.01"]
[SourceVersion "3"]
[SourceVersionDate "2006.04.01"]
[SourceQuality "1"]

1. Nf3 d6 2. g3 g6 3. Bg2 Bg7 4. d3 e5 5. e4 Nc6 6. c3 Nge7 7. Be3 h6 8. Qd2 f5 9. exf5 Nxf5 10. 0-0 0-0 11. Na3 Nce7 12. Qe2 c6 13. Nd2 Be6 14. Rfe1 Nxe3 15. Qxe3 Qd7 16. d4 Nf5 17. Qe2 Rae8 18. dxe5 Bxe5 19. Nac4 Bg7 20. Qd3 b5 21. Na5 d5 22. b4 Nd6 23. Nxc6 Qxc6 24. Rxe6 Rxe6 25. Bxd5 Qxc3 26. Bxe6+ Nf7 27. Bxf7+ Rxf7 28. Qd8+ Kh7 29. Nb3 Qxb4 30. Rd1 Re7 31. Qd3 Qc4 32. Kg2 Re2 33. Nc1 Rc2 34. Qxc4 bxc4 35. Re1 Kg8 36. Kf3 Bc3 37. Rd1 Bd2 38. Ne2 Rxa2 39. Nd4 a5 40. Rb1 a4 41. Rb8+ Kf7 42. Rc8 c3 43. Ke2 Bg5+ 44. Kd3 Rxf2 45. h4 Be7 46. Rxc3 a3 47. Rc7 Ke8 48. Ra7 a2 49. Nc2 Rf3+ 50. Kc4 Rxg3 51. Rxa2 Kf7 52. h5 gxh5 53. Kd4 h4 54. Ne3 h3 55. Rf2+ Kg6 56. Ke4 Bd6 57. Nf1 Rg1 58. Nh2 Rg2 59. Rxg2+ hxg2 60. Nf3 Kh5 61. Kf5 Bb8 62. Ng1 Kh4 63. Ne2 h5 64. Ng1 Kg3 65. Kg5 Ba7 66. Ne2+ Kf3 67. Kh4 Kxe2 68. Kg3 g1Q+ 0-1